000 00776nam a2200181 a 4500
001 000016357
005 20200929164404.0
008 500101s1960 mx 000 0dspa d
040 _aDO-SdBNP
_bspa
_cBNPHU
100 1 _aJijón y Caamaño, Jacinto,
_d1890-1950.
_936477
245 1 0 _aJacinto Jijón y Caamaño /
_cestudio y selecciones de Julio Tobar Donoso.
260 _aPuebla, México :
_bJ. M. Cajica,
_c1960.
300 _a475 p. ;
_c21cm.
490 0 _aBiblioteca ecuatoriana mínima. La colonia y la república
500 _aA cabeza de tít.: Publicación auspiciada por la Secretaría General de la Undécima Conferencia Interamericana, Quito, Ecuador, 1960
651 0 _aEcuador
_xPolítica Y Gobierno
_y1830-
_936478
651 0 _aEcuador
_xCondiciones Sociales
_930372
999 _c15892
_d15892